| 000 | 00882nam a2200229Ia 4500 | ||
|---|---|---|---|
| 003 | GCL | ||
| 008 | 140319s9999 xx 000 0 ara d | ||
| 020 | _a0018314977 | ||
| 040 |
_aGCL / _cGCL |
||
| 082 | 0 | 4 |
_a305.90816 _bس ب |
| 100 | 1 | _aسميرة أبوزيد نجدي | |
| 245 | 1 | 0 |
_aبرامج وطرق تربية الطفل المعوق قبل المدرسة / _cسميرة أبوزيد نجدي |
| 250 | _aالاولى | ||
| 260 |
_aالقاهرة : _bمكتبة زهراء الشرق ، _c2001 |
||
| 300 |
_a260 ص ؛ _c28 سم |
||
| 650 | 0 | 4 | _aالاطفال المكفوفين |
| 650 | 0 | 4 | _aالاطفال المعوقون |
| 650 | 0 | 4 | _aالاطفال المعوقون - رعاية ذهنية |
| 650 | 0 | 4 | _aالاطفال المعوقون - العلاقات الاسرية |
| 650 | 0 | 4 | _aالاطفال المعوقون - رعاية وعلاج |
| 942 |
_2ddc _cBK |
||
| 999 |
_c57511 _d57511 |
||